000 00886nam a2200217 i 4500
001 bg
100 1 _aMAZUR-STROJNY, Renata
245 1 0 _aPrzekształcanie spółek cywilnych :
_baspekt prawny i podatkowy /
_cRenata Mazur-Strojny, Czesław Paczuła.
260 _aKraków :
_bWszechnica Podatkowa,
_c[2001].
300 _a140 s. ;
_c21 cm.
500 _aNa s. tyt. dod.: charakterystyka spółek handlowych, "przekształcenie" z mocy prawa, kontynuacja praw i obowiązków, księgowość w spółce, konsekwencje podatkowe, wzory umów spółek przekształconych.
650 9 _aSpółki cywilne
_xprawo
_zPolska
_ystan na 2001 r.
650 9 _aSpółki handlowe
_xprawo
_zPolska
_ystan na 2001 r.
020 _a8388036947
040 _cBPK
041 0 _apl
080 _a347.471:347.72](438)
920 _a83-88036-94-7
942 _cKS
008 s pl f |000 0 pol
999 _c39703
_d39703
856 _uhttp://koha.tu.koszalin.pl/cgi-bin/koha/opac-detail.pl?biblionumber=39703
_yKatalog online BPK